Baila Morena - Testo Completo - Statistics

Statistiche generali
  • Questo quiz è stato fatto 122 volte
  • Il punteggio medio è 134 su 219
Statistiche sulle risposte
Testo % Corretto
questa
98%
so
97%
luna
96%
sotto
95%
Sotto
95%
Baila
94%
Baila,
94%
baila
94%
morena
94%
piena
94%
un
88%
I
83%
moonlight
82%
the
78%
Under
75%
under
75%
di
73%
in
72%
e
71%
è
71%
notte
71%
te
70%
La
69%
la
69%
me
66%
per
66%
Per
66%
mi
63%
che
61%
lo
60%
sa
60%
tequila
59%
il
58%
cosa,
57%
cosa
57%
gli
56%
nel
56%
on
56%
sexy
56%
Ti
56%
ti
56%
Siamo
55%
Baby,
54%
Sei
54%
boom
52%
come
52%
una
51%
buio
49%
nei
49%
you
49%
You
49%
cielo,
48%
credo
48%
fiamme
48%
fire
48%
ho
48%
Ho
48%
miracoli
48%
thing
47%
al
46%
sai
46%
sai,
46%
balla
44%
occhi
44%
Adesso
43%
is
43%
night
42%
say?
42%
Vai
41%
vai
41%
What
41%
chica,
40%
sera
40%
dentro
39%
messo
39%
stella
39%
tocca
39%
addosso
38%
cocca,
38%
cocca
38%
mezzo
38%
brilla
37%
guarda
35%
lampi
35%
merito
35%
qualche
35%
tanto
34%
paradiso
33%
avere
32%
cuore
32%
caos
31%
così
31%
poco
31%
Ayeah yeah yeah! Yeah yeah!
30%
devi
30%
Yeah yeah yeah!
30%
yeah yeah yeah!
30%
far
29%
Inferno
29%
santo
28%
scandalo
28%
sole,
28%
d'oro,
27%
fiorire
25%
Ooh
23%
got
20%
bad,
16%
bad
16%
Yeah
16%
hurting
13%
Uhuhuhuhu...
11%
have
9%
it
8%
Sacrifice
6%
sacrifice
6%
Let me see you dance, baby.
2%
Come on!
1%
Nessun quiz corrispondente trovato
Distribuzione punteggi
Percentuale di utenti per punteggio
Percentile per numero di risposta
I tuoi punteggi nel tempo
Non hai fatto questo quiz